La relatividad general: de la A a la B

Guardat en:
Dades bibliogràfiques
Autor principal: Geroch, Robert (Autor)
Format: Llibre
Idioma:espanyol
Publicat: Madrid Alianza 1985
Col·lecció:Alianza Universidad, 448
Matèries:
Etiquetes: Afegir etiqueta
Sense etiquetes, Sigues el primer a etiquetar aquest registre!

MARC

LEADER 00000nam a2200000 a 4500
001 UCW0712
003 CL-VaPUC
008 890119e19850000SP |||||||||||||||||spa|d
082 0 4 |a 530.11  |b GER  |2 21 
100 0 |a Geroch, Robert  |e author  |9 304617 
245 1 3 |a La relatividad general: de la A a la B 
300 |a 210 p 
942 |c BK 
945 |d 19890119 00:00:00 
260 |a Madrid  |b Alianza  |c 1985 
650 0 |a Relatividad  |9 269977 
650 0 |a Física   |9 227844 
583 |a last modification  |c 20140410 11:47:47  |k Rodrigo Vera 
490 0 |a Alianza Universidad, 448 
999 |c 215776  |d 215774 
952 |0 0  |1 0  |4 0  |6 530_110000000000000_GER_1985  |7 0  |8 A  |9 200714  |a BIBMAT  |b BIBMAT  |d 2019-11-14  |i 2679221  |o 530.11 GER 1985  |p 2679221  |r 2025-01-07  |w 2019-11-14  |y BK  |k MAT 
952 |0 0  |1 0  |4 0  |6 530_110000000000000_GER_1985  |7 0  |8 A  |9 200715  |a BIBCUR  |b BIBCUR  |d 2019-11-14  |i 3180077  |o 530.11 GER 1985  |p 3180077  |r 2025-04-22  |w 2019-11-14  |y BK  |k BCB 
952 |0 0  |1 0  |4 0  |6 530_110000000000000_GER_1985  |7 0  |8 A  |9 200716  |a BIBCUR  |b BIBCUR  |d 2019-11-14  |i 4544102  |o 530.11 GER 1985  |p 4544102  |r 2025-04-22  |w 2019-11-14  |y BK  |k FIS